<?xml version="1.0" encoding="UTF-8"?>
<collection xmlns="http://www.loc.gov/MARC21/slim">
 <record>
  <leader>00412pamaa2200145   4500</leader>
  <controlfield tag="001">0000014988</controlfield>
  <controlfield tag="005">20060626090000.0</controlfield>
  <datafield tag="020" ind1="0" ind2="0">
   <subfield code="a">0091650011 </subfield>
  </datafield>
  <datafield tag="082" ind1=" " ind2=" ">
   <subfield code="a">629.2549 HIL 1987</subfield>
  </datafield>
  <datafield tag="090" ind1="0" ind2="0">
   <subfield code="a">TL272.5 </subfield>
   <subfield code="b">HIL 1987</subfield>
  </datafield>
  <datafield tag="100" ind1="1" ind2="0">
   <subfield code="a">HILLIER </subfield>
  </datafield>
  <datafield tag="245" ind1="1" ind2="0">
   <subfield code="a">Fundamentals of automotive electronics  </subfield>
   <subfield code="c">V.A.W. Hillier.</subfield>
  </datafield>
  <datafield tag="260" ind1="0" ind2="0">
   <subfield code="a">London: </subfield>
   <subfield code="b">Hutchinson, </subfield>
   <subfield code="c">1987.</subfield>
  </datafield>
  <datafield tag="300" ind1=" " ind2=" ">
   <subfield code="a">viii, 324p.: </subfield>
   <subfield code="b">24cm.</subfield>
  </datafield>
  <datafield tag="650" ind1="0" ind2="0">
   <subfield code="a">Automobiles -- </subfield>
   <subfield code="x">Electronic equipment </subfield>
  </datafield>
 </record>
</collection>
